|
|
|
|
| LEADER |
01274nam a2200301 u 4500 |
| 001 |
10030692 |
| 003 |
upatras |
| 005 |
20210117210046.0 |
| 008 |
991025s1997 us eng |
| 020 |
|
|
|a 0132613891
|
| 040 |
|
|
|a GR-PaULI
|c GR-PaULI
|
| 041 |
0 |
|
|a eng
|
| 082 |
0 |
4 |
|a 629.8
|
| 100 |
1 |
|
|a Ogata, Katsuhiko
|9 9061
|
| 245 |
1 |
0 |
|a Modern control engineering
|c Katsuhiko Ogata
|
| 250 |
|
|
|a 3rd ed.
|
| 260 |
|
|
|a Upper Saddle River, NJ
|b Prentice-Hall International
|c 1997
|
| 300 |
|
|
|a xi, 997 p.
|b fig.
|c 24 cm.
|
| 504 |
|
|
|a Includes references and index
|
| 650 |
|
4 |
|a Αυτόματος έλεγχος
|9 384
|
| 852 |
|
|
|a GR-PaULI
|b ΠΑΤΡΑ
|b ΒΚΠ
|b ΒΣ1
|k ΑΣΧΞ
|h 629.8 O
|m 052381
|p 025000067711
|t 1
|
| 852 |
|
|
|a GR-PaULI
|b ΠΑΤΡΑ
|b ΒΚΠ
|b ΒΣ1
|k ΑΣΧΞ
|h 629.8 OGA
|m 059139
|p 025000078666
|t 2
|
| 942 |
|
|
|2 ddc
|c BK15
|
| 952 |
|
|
|0 0
|1 0
|4 0
|6 629_800000000000000_O
|7 0
|9 199980
|a LISP
|b LISP
|c BSC
|d 2016-04-24
|i 052381
|l 0
|o 629.8 O
|p 025000067711
|r 2016-04-24 00:00:00
|t 1
|w 2016-04-24
|y BK15
|
| 952 |
|
|
|0 0
|1 0
|4 0
|6 629_800000000000000_OGA
|7 0
|9 199981
|a LISP
|b LISP
|c BSC
|d 2016-04-24
|i 059139
|l 1
|o 629.8 OGA
|p 025000078666
|r 2019-08-23 00:00:00
|s 2019-08-23
|t 2
|w 2016-04-24
|y BK15
|
| 998 |
|
|
|c ΑΒΑΚΟΜΙΔΗ
|d 2010-01
|
| 998 |
|
|
|c ΗΛΙΟΠΟΥΛΟΥ
|d 1999-10
|
| 999 |
|
|
|c 122588
|d 122588
|